Zach Bryan - American Heartbreak - Statistics

General Stats
  • This quiz has been taken 30 times
  • The average score is 14 of 34
Answer Stats
Answer % Correct
Blue
71%
From Austin
64%
Something in the Orange
64%
Cold Damn Vampires
57%
Sun to Me
57%
68 Fastback
50%
Heavy Eyes
50%
If She Wants a Cowboy
50%
Oklahoma City
50%
She's Alright
50%
Younger Years
50%
High Beams
43%
Late July
43%
Ninth Cloud
43%
Open the Gate
43%
Right Now the Best
43%
Sober Side of Sorry
43%
Someday
43%
The Good I'll Do
43%
Tishomingo
43%
Whiskey Fever
43%
Corinthians
36%
Highway Boys
36%
Poems and Closing Time
36%
The Outskirts
36%
This Road I Know
36%
Billy Stay
29%
Darling
29%
Happy Instead
29%
Mine Again
29%
You are my sunshine
29%
Morning Time
14%
Half Grown
7%
No Cure
7%
No matching quizzes found
Score Distribution
Percent of People with Each Score
Percentile by Number Answered
Your Score History
You have not taken this quiz